000 00791nam a22002177a 4500
999 _c614
_d614
003 AR-CdUCM
008 190225b ||||| |||| 00| 0 spa d
040 _aMUNICIPALIDAD PROVINCIAL DEL CUSCO
_cBIBLIOTECA MUNICIPAL DEL CUSCO
082 _a376.24 /
_bZ89
100 _aZubizarreta, Alma de
_92399
245 _aVer y describir /
260 _aLima :
_bUniverso,
_c1968.
300 _a208 páginas ;
_bIlustraciones.
_c21 cm.
500 _aDonación familia Nieto
505 _aContenido: El desarrollo de nuestra capacidad de observación -- El título: precisión y sugerencia -- El esquema previo -- La ortografía -- La lectura ...
650 _aRedacción
_91126
650 _aTextos literarios
_92400
650 _aEducación
_9460
942 _2ddc
_cLIBROS
945 _aafb
_d2019-02-25